000 00729cam a2200205 4500
008 040721n2003 000 0 eng u
020 _a078796543X
035 _a(Sirsi) u126867
041 _aeng.
050 _a658.80969
_c18
100 _aBiech, Elaine
245 _aMarketing your consulting services
260 _aSan Francisco
_bJohn Wiley/Pfeiffer
_c2003
350 _a22.52
520 _aThis book serves as a complete "how-to" guide to develop and implement a more aggressive marketing plan which will make consultants more visible to clients and more competitive in the marketplace.
650 _aManagement consultancy
_96255
650 _aMARKETING
690 _aMANAGEMENT-BUSINESS MANAGEMENT
942 _n0
999 _c103669
_d103669